Statistiques concernant Classement World rugby Féminin au 22 janvier 2024

Cliquez ici pour prendre le quiz!

Statistiques générales

  • Ce quiz a été pris 38 fois
  • Le résultat moyen est 32 sur 50

Statistiques - réponses

PlacePaysPoints% Correct
1Angleterre96.18
100%
3France87.89
100%
7Italie75.61
100%
13Afrique du Sud64.37
97%
5Australie81.61
97%
8Ecosse74.37
97%
2Nouvelle Zélande90.56
97%
17Fidji58.65
94%
6Pays de galles76.67
94%
12Espagne64.89
91%
11Japon69.38
91%
27Portugal44.39
91%
4Canada86.27
88%
22Chine49.34
88%
16Samoa59.57
88%
21Allemagne50.42
84%
29Tonga43.13
84%
14Russie61.10
81%
45Norvege38.86
78%
19Suède56.01
78%
25Belgique45.08
75%
33Danemark40.68
75%
9USA72.02
75%
33Finlande40.68
72%
15Pays Bas60.02
72%
40Roumanie38.95
72%
50Brésil36.91
66%
23Kenya48.64
66%
48Inde37.60
63%
28Colombie44.37
53%
49Zimbabwe37.04
53%
43Côte d'ivoire38.92
50%
10Irlande71.52
47%
44Lettonie38.88
47%
46Republique Tcheque38.56
47%
32Croatie41.05
41%
35Jamaique40.52
41%
39Senegal39.16
41%
40Bulgarie38.95
38%
40Ouganda38.95
38%
31Cameroun41.54
34%
18Hong Kong58.31
34%
30Tunisie42.06
34%
37Zambie39.95
34%
20Kazakhstan55.97
31%
26Madagascar44.65
28%
36Singapour40.06
25%
47Bosnie38.00
22%
24Trinité et Tobago46.45
16%
38Guyane39.63
13%

Distribution des résultats

Percentile par nombre de réponses

% des personnes avec chaque résultat

Votre développement - résultats

Vous n’avez pas pris ce quiz